MESTSKÁ KNIŽNICA GIRALTOVCE  - online katalóg 

Umenie pretekať v daždi (Record no. 23590)

000 -NÁVESTIE
fixed length control field 00957cam a2200301 4500
001 - EVIDENČNÉ ČÍSLO ZÁZNAMU - Kontrolné číslo
control field vtls012020501
005 - DÁTUM A ČAS POSLEDNEJ TRANSAKCIE
control field 20240710090633.0
008 - ÚDAJE S PEVNOU DĹŽKOU – VŠEOBECNÉ INFORMÁCIE
fixed length control field 210331s2021 xo gr 010 f slo
020 ## - MEDZINÁRODNÉ ŠTANDARDNÉ ČÍSLO KNIHY (ISBN)
Medzinárodné štandardné číslo knihy (ISBN) 9788055171494
Qualifying information (viazané)
Zrušené/neplatné ISBN 9788055173832
040 ## - ZDROJ KATALOGIZÁCIE
Pôvodná katalogizujúca agentúra TVZK
Jazyk katalogizácie slo
Modifikujúca agentúra TVZK
-- SNK
Konvencie popisu rda
Prepisujúca agentúra sk
041 1# - KÓD JAZYKA
Kód jazyka textu/zvukovej stopy alebo samostatných nápisov slo
Kód jazyka originálu a/alebo sprostredkujúcich prekladov textu eng
044 ## - KÓD KRAJINY VYDAVATEĽA/PRODUCENTA
Kód krajiny MARC xo
Kód krajiny ISO SK
072 #7 - KÓD PREDMETOVEJ KATEGÓRIE
Kód predmetovej kategórie 821.111(73)-3
Pododdiel kódu predmetovej kategórie Americká próza
Zdroj konspekt
080 ## - ČÍSLO MEDZINÁRODNÉHO DESATINNÉHO TRIEDENIA (MDT)
Číslo Medzinárodného desatinného triedenia (MDT) 821.111(73)-31
Identifikátor vydania 2001
100 1# - OSOBNÉ MENÁ – VŠEOBECNÉ INFORMÁCIE
Osobné meno Stein, Garth,
Dátumy súvisiace s menom 1964-
Kód roly aut
-- 3939
240 14 - UNIFIKOVANÝ NÁZOV
Unifikovaný názov The Art of Racing in the Rain
Jazyk diela Slovensky
245 10 - NÁZOV
Názov Umenie pretekať v daždi
Údaj o zodpovednosti atď. Garth Stein ; preložila Mária Kočanová
250 ## - ÚDAJ O PORADÍ VYDANIA
Údaj o poradí vydania Prvé vydanie
264 #1 - VYDAVATEĽSKÉ ÚDAJE, DISTRIBÚCIA ATĎ. - RDA
Miesto publikovania, distribúcie atď. Bratislava
Názov vydavateľa, distibútora atď. Ikar
Dátum publikovania, distribúcie atď. 2021
300 ## - FYZICKÝ POPIS
Rozsah 302 strán
Rozmery 21 cm
336 ## - TYP OBSAHU
Typ obsahu - termín text
Typ obsahu - kód txt
Zdroj rdacontent
337 ## - TYP MÉDIA
Typ média - termín bez média
Typ média - kód n
Zdroj rdamedia
338 ## - TYP NOSIČA
Typ nosiča - termín zväzok
Typ nosiča - kód nc
Zdroj rdacarrier
655 #7 - INDEXAČNÝ TERMÍN – ŽÁNER/FORMA
Údaje o žánri/forme alebo termín, ktorý je prvok fazety americké romány
Zdroj termínu SNKPH
-- 2
700 1# - PRIDANÝ VSTUP – OSOBNÉ MENO
Osobné meno Kočanová, Mária,
Dátumy súvisiace s menom 1955-
Kód roly trl
-- 2151
958 ## - Formálny deskriptor
Formálny deskriptor LX
958 ## - Formálny deskriptor
Formálny deskriptor UP
Holdings
Stav stiahnutia (Blokovanie) (Withrawn status) Stav straty Zdroj klasifikácie pre skladovanie Stav poškodenia (Damaged status) Nie pre výpožičky (Not for loan) Spôsob nadobudnutia (Collection code) Trvalé umiestnenie Aktuálne umiestnenie Dátum nadobudnutia Náklady, bežná kúpna cena Inventárne číslo (prírastkové číslo) Full call number Čiarový kód Dátum posledného výskytu Cena s účinnosťou od Typ jednotky Koha
          Kúpa Mestská knižnica Giraltovce Mestská knižnica Giraltovce 2024-07-10 1.90 21919 B10660 B10660 2024-07-10 2024-07-10 Krásna literatúra pre dospelých

Powered by Koha